| 000 | 01332nam a2200337 i 4500 | ||
|---|---|---|---|
| 003 | EG-GICUC | ||
| 005 | 20260121130517.0 | ||
| 008 | 260120s1978 ua ||||f |||| 00| 0 ara d | ||
| 040 |
_a EG-GICUC _bara _c EG-GICUC _d EG-GICUC _erda |
||
| 041 | _aara | ||
| 082 | 0 | 4 |
_221 _a345.4 _bص ل . م |
| 092 | 0 | 4 | _221 |
| 099 | _aLaw1 07 345.4 ص ل . م 1978 | ||
| 100 | 0 |
_aصلاح الدين عبد العزيز _eمعد. |
|
| 245 | 1 | 0 |
_aمداخل جديدة لسياسة الأفراد من أجل التنمية / _cعرض وإعداد صلاح الدين عبد العزيز . |
| 246 | _aNew Approaches to Perssonnel Policy for Development | ||
| 264 | 1 |
_aالقاهرة : _bالمنظمة العربية للعلوم الإدارية ، _c1978 . |
|
| 300 |
_a74 ؛ صفحة _c24 سم |
||
| 336 |
_2rda content _atext |
||
| 337 |
_2rda media _aComputer |
||
| 338 |
_2rda carrier _aOnline Resource |
||
| 490 |
_aسلسلة الفكر الإداري المعاصر _v28 |
||
| 504 | _a. 74-73 ببليوجرافيا: صفحات. | ||
| 650 | 1 | 4 |
_aالوظائف العامة _2qrmak |
| 650 | 1 | 4 | _aالقانون الإداري |
| 651 | 1 | _2qrmak | |
| 830 |
_aسلسلة الفكر الإداري المعاصر _v28 |
||
| 856 | 4 | 0 | _uhttps://fll.law.cu.edu.eg/fulltext/bks/B07-00215.pdf |
| 905 | _a61 | ||
| 942 |
_2ddc _cBK _e21 _n0 |
||
| 999 |
_c58286 _d58286 |
||